<?xml version="1.0" encoding="UTF-8"?>
<record
    xmlns:xsi="http://www.w3.org/2001/XMLSchema-instance"
    xsi:schemaLocation="http://www.loc.gov/MARC21/slim http://www.loc.gov/standards/marcxml/schema/MARC21slim.xsd"
    xmlns="http://www.loc.gov/MARC21/slim">

  <leader>00637nam a22001577a 4500</leader>
  <controlfield tag="003">OSt</controlfield>
  <controlfield tag="005">20151216105413.0</controlfield>
  <controlfield tag="008">151216b        xxu||||| |||| 00| 0 eng d</controlfield>
  <datafield tag="040" ind1=" " ind2=" ">
    <subfield code="c">RUA</subfield>
  </datafield>
  <datafield tag="082" ind1=" " ind2=" ">
    <subfield code="a">AED LIM 2004 B216 Or.1</subfield>
  </datafield>
  <datafield tag="100" ind1=" " ind2=" ">
    <subfield code="9">4911</subfield>
    <subfield code="a">LIM, SOPHEAP.</subfield>
  </datafield>
  <datafield tag="245" ind1=" " ind2=" ">
    <subfield code="a">The changing livelihoods of the ethnic community in rattanakiri province (&#x1794;&#x17C6;&#x179A;&#x17C2;&#x1794;&#x17C6;&#x179A;&#x17BD;&#x179B;&#x1794;&#x17D2;&#x179A;&#x1796;&#x1793;&#x17D2;&#x1792;&#x17D0;&#x1785;&#x17B7;&#x1789;&#x17D2;&#x1785;&#x17B9;&#x1798;&#x1787;&#x17B8;&#x179C;&#x17B7;&#x178F;&#x179A;&#x1794;&#x179F;&#x17CB;&#x179F;&#x17A0;&#x1782;&#x1798;&#x1793;&#x17CF;&#x1787;&#x1793;&#x1787;&#x17B6;&#x178F;&#x17B7;&#x1797;&#x17B6;&#x1782;&#x178F;&#x17B7;&#x1785;&#x1793;&#x17C5;&#x1781;&#x17C1;&#x178F;&#x17D2;&#x178F;&#x179A;&#x178F;&#x1793;&#x17C7;&#x1782;&#x17B7;&#x179A;&#x17B8;)</subfield>
  </datafield>
  <datafield tag="260" ind1=" " ind2=" ">
    <subfield code="a">Phnom Penh</subfield>
    <subfield code="b">RUA</subfield>
    <subfield code="c">2004</subfield>
  </datafield>
  <datafield tag="300" ind1=" " ind2=" ">
    <subfield code="a">xi, 45p.</subfield>
    <subfield code="b">ill.</subfield>
    <subfield code="c">29cm.</subfield>
  </datafield>
  <datafield tag="942" ind1=" " ind2=" ">
    <subfield code="2">ddc</subfield>
    <subfield code="c">AED</subfield>
  </datafield>
  <datafield tag="999" ind1=" " ind2=" ">
    <subfield code="c">4564</subfield>
    <subfield code="d">4564</subfield>
  </datafield>
  <datafield tag="952" ind1=" " ind2=" ">
    <subfield code="0">0</subfield>
    <subfield code="1">0</subfield>
    <subfield code="2">ddc</subfield>
    <subfield code="4">0</subfield>
    <subfield code="6">AED_LIM_2004_000000000000000_B216_OR_1</subfield>
    <subfield code="7">0</subfield>
    <subfield code="9">23653</subfield>
    <subfield code="a">LBB</subfield>
    <subfield code="b">LBB</subfield>
    <subfield code="c">B216</subfield>
    <subfield code="d">2015-12-16</subfield>
    <subfield code="o">AED LIM 2004 B216 Or.1</subfield>
    <subfield code="p">RUA031840</subfield>
    <subfield code="r">2015-12-16</subfield>
    <subfield code="w">2015-12-16</subfield>
    <subfield code="y">AED</subfield>
  </datafield>
  <datafield tag="952" ind1=" " ind2=" ">
    <subfield code="0">0</subfield>
    <subfield code="1">0</subfield>
    <subfield code="2">ddc</subfield>
    <subfield code="4">0</subfield>
    <subfield code="6">AED_LIM_2004_000000000000000_B216_OR_2</subfield>
    <subfield code="7">0</subfield>
    <subfield code="9">23654</subfield>
    <subfield code="a">LBB</subfield>
    <subfield code="b">LBB</subfield>
    <subfield code="c">B216</subfield>
    <subfield code="d">2015-12-16</subfield>
    <subfield code="o">AED LIM 2004 B216 Or.2</subfield>
    <subfield code="p">RUA031049</subfield>
    <subfield code="r">2015-12-16</subfield>
    <subfield code="w">2015-12-16</subfield>
    <subfield code="y">AED</subfield>
  </datafield>
  <datafield tag="952" ind1=" " ind2=" ">
    <subfield code="0">0</subfield>
    <subfield code="1">0</subfield>
    <subfield code="2">ddc</subfield>
    <subfield code="4">0</subfield>
    <subfield code="6">AED_LIM_2004_000000000000000_B216_OR_3</subfield>
    <subfield code="7">0</subfield>
    <subfield code="9">23655</subfield>
    <subfield code="a">LBB</subfield>
    <subfield code="b">LBB</subfield>
    <subfield code="c">B216</subfield>
    <subfield code="d">2015-12-16</subfield>
    <subfield code="o">AED LIM 2004 B216 Or.3</subfield>
    <subfield code="p">RUA031169</subfield>
    <subfield code="r">2015-12-16</subfield>
    <subfield code="w">2015-12-16</subfield>
    <subfield code="y">AED</subfield>
  </datafield>
  <datafield tag="952" ind1=" " ind2=" ">
    <subfield code="0">0</subfield>
    <subfield code="1">0</subfield>
    <subfield code="2">ddc</subfield>
    <subfield code="4">0</subfield>
    <subfield code="6">AED_LIM_2004_000000000000000_B216_OR_4</subfield>
    <subfield code="7">0</subfield>
    <subfield code="9">23656</subfield>
    <subfield code="a">LBB</subfield>
    <subfield code="b">LBB</subfield>
    <subfield code="c">B216</subfield>
    <subfield code="d">2015-12-16</subfield>
    <subfield code="o">AED LIM 2004 B216 Or.4</subfield>
    <subfield code="p">RUA031631</subfield>
    <subfield code="r">2015-12-16</subfield>
    <subfield code="w">2015-12-16</subfield>
    <subfield code="y">AED</subfield>
  </datafield>
  <datafield tag="952" ind1=" " ind2=" ">
    <subfield code="0">0</subfield>
    <subfield code="1">0</subfield>
    <subfield code="2">ddc</subfield>
    <subfield code="4">0</subfield>
    <subfield code="6">AED_LIM_2004_000000000000000_B216_OR_5</subfield>
    <subfield code="7">0</subfield>
    <subfield code="9">23657</subfield>
    <subfield code="a">LBB</subfield>
    <subfield code="b">LBB</subfield>
    <subfield code="c">B216</subfield>
    <subfield code="d">2015-12-16</subfield>
    <subfield code="o">AED LIM 2004 B216 Or.5</subfield>
    <subfield code="p">RUA031146</subfield>
    <subfield code="r">2015-12-16</subfield>
    <subfield code="w">2015-12-16</subfield>
    <subfield code="y">AED</subfield>
  </datafield>
</record>
